00563cam a2200181 a 4500001001300000003000900013005001700022008004100039020001500080040002800095043001200123082001700135100004500152245005600197260004200253300002100295600006500316C01057467c-0CO-ViMGA20230915224040.0020910s2002 ck r 00011aspa d a9580470162 aCO-ViMGAbspacCO-ViMGA as-ck---04a920 bG17v1 1 aGarcía Márquez, Gabriel, d1927-201410aVivir para contarla / cGabriel García Márquez. aBogotá : bEditorial Norma, c2002. a579 p ; c24 cm.16aGarcía Márquez, Gabriel, d1927-2014v Autobiografías.